Mirjamok és Deborák imakönyvek a modernizálódó zsidó nők szolgálatában /

"Women’s prayer embraces a whole world (...)" writes Arnold Kiss of Budapest in the foreword to the 100th edition of his prayerbook titled Mirjám. In this article I attempt to explore this world through the prayers of Jewish women. What role were they allotted? What place was desi...

Teljes leírás

Elmentve itt :
Bibliográfiai részletek
Szerző: Frauhammer Krisztina
Dokumentumtípus: Könyv része
Megjelent: 2014
Sorozat:A vallási kultúrakutatás könyvei
Hagyományláncolat és modernitás
Kulcsszavak:Zsidó vallás, Művelődéstörténet - zsidó - Magyarország, Judaisztika - Magyarország, Folklórkutatás - zsidó, Zsidók története - Magyarország - 19-20. sz.
Tárgyszavak:
Online Access:http://acta.bibl.u-szeged.hu/67212
LEADER 02312naa a2200277 i 4500
001 acta67212
005 20211122073412.0
008 200526s2014 hu o 0|| hun d
020 |a 978-963-306-283-8 
022 |a 2064-4825 
040 |a SZTE Egyetemi Kiadványok Repozitórium  |b hun 
041 |a hun 
041 |a eng 
100 1 |a Frauhammer Krisztina 
245 1 0 |a Mirjamok és Deborák   |h [elektronikus dokumentum] :  |b imakönyvek a modernizálódó zsidó nők szolgálatában /  |c  Frauhammer Krisztina 
260 |c 2014 
300 |a 275-299 
490 0 |a A vallási kultúrakutatás könyvei 
490 0 |a Hagyományláncolat és modernitás 
520 3 |a "Women’s prayer embraces a whole world (...)" writes Arnold Kiss of Budapest in the foreword to the 100th edition of his prayerbook titled Mirjám. In this article I attempt to explore this world through the prayers of Jewish women. What role were they allotted? What place was designated for them in society? What role did they have in religious life? How were they and their everyday lives influenced by the changes in Jewish assimilation in Eastern Europe in the 19th century? To answer my questions I used the most popular Jewish women’s prayer-books published at the turn of the 19th to 20th century in the territory of the former Habsburg Empire. These were books in Hungarian or German. Their authors were well-to-do rabbis or the wives of rabbis belonging to the Jewish reform trend, living and working in a big city environment. The effect of Jewish emancipation was felt sooner here and so the demands for renewal also appeared sooner. For this reason the members of these congregations took the lead in modernisation and assimilation. These facts at the same time also determined the target audience for the books, consequently my analysis also focuses mainly on them 
650 4 |a Társadalomtudományok 
650 4 |a Szociológia 
650 4 |a Bölcsészettudományok 
650 4 |a Filozófia, etika és vallástudományok 
695 |a Zsidó vallás, Művelődéstörténet - zsidó - Magyarország, Judaisztika - Magyarország, Folklórkutatás - zsidó, Zsidók története - Magyarország - 19-20. sz. 
856 4 0 |u http://acta.bibl.u-szeged.hu/67212/1/vallasi_kulturakutatas_konyvei_011_275-299.pdf  |z Dokumentum-elérés